|
|
|
|
| LEADER |
00859nab#a2200313#ar4500 |
| 001 |
000000739 |
| 003 |
SVKKK |
| 005 |
00000000000000.0 |
| 008 |
c xo e sloo |
| FMT |
|
|
|
| 038 |
|
|
|a SVKKK
|
| 040 |
|
|
|a SVKKK
|b slo
|e AACR2
|
| 041 |
0 |
|
|a slo
|
| 044 |
|
|
|a xo
|c SK
|
| 080 |
|
|
|a 550.3
|2 1981
|
| 080 |
|
|
|a 553.7.031.2(Zy
|2 1981
|
| 100 |
1 |
|
|a Dobra, Eduard
|4 aut
|
| 245 |
1 |
0 |
|a Ako využiť geotermálnu energiu vo Východoslovenskom kraji?
|c Dobra Eduard,
|
| 300 |
|
|
|b Mp. 1
|
| 650 |
0 |
4 |
|a pramene geotermálne
|x vyhľadávanie
|x využívanie
|x stav súčasný
|x perspektívy
|z Slovensko východné
|x hodnotenia
|
| 773 |
0 |
|
|t Technické noviny
|g Roč. 35, č. 28(1987), s. 6
|
| 957 |
|
|
|a východné Slovensko
|
| 958 |
|
|
|a NA
|
| 958 |
|
|
|a RE
|
| 974 |
|
|
|d 960315
|a Čr
|
| 992 |
|
|
|a RBX
|
| BAS |
|
|
|
| 852 |
|
|
|a SVKKK
|b BIB
|
| 998 |
|
|
|a GEO
|